| 000 | 00556nam a22001937a 4500 | ||
|---|---|---|---|
| 003 | OSt | ||
| 005 | 20240709122508.0 | ||
| 008 | 240709b |||||||| |||| 00| 0 eng d | ||
| 020 | _a0415312973 | ||
| 040 |
_aDDC _cMUST |
||
| 082 | _a330 BAN 2003 | ||
| 100 |
_aBauer PT, _918547 |
||
| 245 |
_aEconomic Analysis and Policy in Underdevelped Countries/ _cBauer PT, |
||
| 260 |
_aNY: _bRoutledge Taylor & Francis Group; _c2003. |
||
| 300 |
_aix,143p.: _c22cm. |
||
| 504 | _aIncludes Bibliographical Indexes | ||
| 650 |
_aEconomics _9975 |
||
| 942 |
_2ddc _cO_SHELF |
||
| 999 |
_c9112 _d9112 |
||